Zufällige F1 Fahrer Bilderquiz Teil 4 - Statistiken

Allgemein
  • Dieses Quiz wurde 31 mal gespielt
  • Das Durchschnittsergebnis liegt bei 5 aus 8
Antwortstatistiken
Bildquiz Antwort % Korrekt
Rosberg
100%
Button
80%
Colapinto
73%
Ascari
63%
Verstappen
53%
Fisichella
50%
Hill
47%
Scheckter
37%
Keine übereinstimmenden Quizze gefunden
Verteilung der Resultate
Anzahl Personen mit jedem Resultat
Perzentil nach korrekt beantworteten Fragen
Ihre Resultats-Entwicklung
Sie haben dieses Quiz noch nicht gespielt